000
nam a22 7a 4500
999
_c
43955
_d
43955
003
OSt
005
20180414114133.0
008
180414b xxu||||| |||| 00| 0 eng d
040
_c
sero soft
100
_a
Sharma Dr Priyanka
245
_a
Sanskrit Sem-3
260
_a
Lucknow
_b
Thakur Publication
300
_a
216
942
_2
ddc
_c
01